000
00207 a2200097 4500
001
7121
100
_a
Brown, L.W
245
_a
Physics (Advanced level)
260
_a
_b
Artemis Press
_c
090
_c
5891
_d
5891
942
_a
NUST-CAE
_c
M
_c
32368
999
_c
242194
_d
242194